000 00507nam a2200205Ia 4500
005 20230816110957.0
008 131103s9999 xx 000 0 und d
040 _aLoreto College
041 _aEnglish
082 _a922
_bAUG-BRO
100 _aBrown, Peter
245 _aAugustine of Hippo
_b a biography
_cPeter Brown
260 _aLondon
_bFaber and faber
_c1967
300 _a463p.
504 _aIncludes index
650 _aAugustine
651 _aBiography
850 _aLCLIB
942 _cBK
999 _c25505
_d75984